Littérature par lettre - M - Statistiques

Statistiques générales
  • Ce quiz a été pris 265 fois
  • Le résultat moyen est 13 sur 20
Statistiques - réponses
Questions Réponses % Correct
Quel romancier français est l'auteur de "Boule de Suif" ou encore de "Bel-Ami" ? Guy de Maupassant
98%
Quel dramaturge du XVIIème siècle est mort après une représentation d'une pièce ? Molière
97%
Quel roman de Victor Hugo témoigne de la vie de Jean Valjean, un ancien bagnard ? Les Misérables
96%
Quel livre Adolf Hitler a-t-il écrit lors de son séjour en prison après le putsch de Munich, manqué ? Mein Kampf
91%
Quelles petites bandes dessinées japonaises sont très populaires de nos jours, notamment avec des oeuvres comme Pokémon, Naruto ou Dragon Ball Z ? Mangas
88%
Quel personnage est à la plage, à la ferme, à la montagne etc... ? Martine
87%
Quel était le titre de cette pièce ? Le Malade imaginaire
85%
Quel penseur des Lumières est l'auteur des "Lettres Persanes" ? Charles Montesquieu
82%
Quel écrivain, également maire de Bordeaux à la fin du XVIème siècle, est connu pour ses "Essais" ? Michel de Montaigne
78%
Quel livre de la Comtesse de Ségur, de 1858, raconte la vie d'une enfant noble commettant une multitude de bêtises ? Les Malheurs de Sophie
71%
Quelle série de livres de Clive Staples Lewis composée de 7 Tomes relate l'histoire d'une fratrie de 4 qui trouve un nouveau monde, caché derrière une armoire ? Le Monde de Narnia
70%
Quel roman de Gustave Flaubert dénonce les moeurs de la société bourgeoise de province ? Madame Bovary
69%
Quel roman de Marcel Pagnol relate du deuxième cycle "L'eau des collines", publié après "Jean de Florette" ? Manon des sources
59%
Quel écrivain romantique a notamment écrit "Lorenzaccio" ? Alfred de Musset
55%
Quel romancier contemporain français vend le plus grand nombre de livres depuis 2011 ? Guillaume Musso
52%
Quel écrivain et historien français du XIXème siècle a écrit "Carmen" ou encore "La Vénus d'Ille" ? Prosper Mérimée
42%
Quel poète du XIXème siècle a notamment écrit "L'Azur" et "Les Fleurs" ? Stéphane Mallarmé
36%
Quel écrivain français, Prix Nobel en 1952, a été récompensé pour l'ensemble de son oeuvre dont "Thérèse Desqueyroux" et "Le Noeud de vipère" ? François Mauriac
35%
Quel poète et homme politique d'extrême droite est célèbre pour avoir fait partie de l'Action Française ? Charles Maurras
29%
Quel roman d'Eugène Sue suit les aventures de Rodolphe de Gerolstein, un aristocrate judiciaire, à la rencontre des quartiers misérables de Paris ? Les Mystères de Paris
21%
Aucun quiz correspondant
Distribution des résultats
% des personnes avec chaque résultat
Percentile par nombre de réponses
Votre historique - résultats
Vous n’avez pas pris ce quiz